[Event "Girona-ch"]
[Site "Sant Gregori"]
[Date "2019.11.17"]
[Round "5"]
[White "Perez Lopez, Alfonso"]
[Black "Lazaro Pujol, Abel"]
[Result "0-1"]
[WhiteElo "1790"]
[BlackElo "2245"]
[PlyCount "93"]
[EventDate "2019.10.13"]
[EventType "swiss"]
[EventRounds "9"]
[EventCountry "ESP"]
[SourceTitle "CBM 194 Extra"]
[Source "ChessBase"]
[SourceDate "2020.03.31"]
[SourceVersion "1"]
[SourceVersionDate "2020.03.31"]
[SourceQuality "1"]

1. Nf3 d5 2. g3 c5 3. Bg2 Nc6 4. c4 e6 5. Nc3 Nf6 6. cxd5 exd5 7. d4 Be7 8. 0-0 0-0 9. Bf4 c4 10. b3 Qa5 11. Bd2 Bb4 12. Qc2 cxb3 13. axb3 Qb6 14. Na4 Qb5 15. Nc3 Bxc3 16. Bxc3 Bg4 17. Rfd1 Rfe8 18. e3 Rac8 19. Qa2 Ne4 20. Be1 a6 21. Rdc1 h6 22. Nd2 Nb4 23. Qa4 Rxc1 24. Rxc1 Nd3 25. Ra1 Nc3 26. Qxb5 axb5 27. Nf3 Nxe1 28. Rxe1 Ra8 29. Ne5 Bf5 30. Kf1 f6 31. Nf3 Bd3+ 32. Kg1 Ra3 33. Nd2 Ra2 34. Nf3 Rb2 35. Bf1 Be4 36. Bg2 Bd3 37. Bf1 Bxf1 38. Kxf1 Rxb3 39. Nd2 Rb2 40. Rc1 b4 41. Ke1 Ra2 42. Nb3 Ne4 43. Rc8+ Kh7 44. Nc5 Rc2 45. Rc7 b3 46. Kd1 Nc3+ 47. Ke1 0-1

[Event "Girona Pont Major op 2nd"]
[Site "Girona"]
[Date "2017.05.05"]
[Round "3"]
[White "Perez Lopez, Alfonso"]
[Black "Suita Garceso, Nemesi"]
[Result "0-1"]
[WhiteElo "1769"]
[BlackElo "2074"]
[PlyCount "90"]
[EventDate "2017.04.21"]
[EventType "swiss"]
[EventRounds "8"]
[EventCountry "ESP"]
[SourceTitle "CBM 187 Extra"]
[Source "ChessBase"]
[SourceDate "2018.11.04"]
[SourceVersion "1"]
[SourceVersionDate "2018.11.04"]
[SourceQuality "1"]

1. c4 Nf6 2. Nc3 g6 3. g3 Bg7 4. Bg2 0-0 5. d4 c6 6. e4 d6 7. Nf3 Qb6 8. 0-0 Qa6 9. Qb3 Nbd7 10. Re1 e5 11. dxe5 dxe5 12. Na4 b6 13. h3 h6 14. Qc2 Ne8 15. b3 Nc7 16. Nc3 Ne6 17. Be3 Kh7 18. Rad1 Rd8 19. Bf1 Qb7 20. b4 Qc7 21. a4 Bb7 22. b5 c5 23. Nd5 Qb8 24. Bg2 Nd4 25. Qb1 Nf8 26. Kh1 Nxf3 27. Bxf3 Ne6 28. Bg2 Nd4 29. Rd3 Bxd5 30. exd5 Qd6 31. Qc1 f5 32. f4 e4 33. Ra3 a6 34. Rd1 Ne2 35. Qd2 Nxg3+ 36. Kg1 axb5 37. cxb5 Ra5 38. Qf2 Nh5 39. Qc2 Nxf4 40. Bd2 Bd4+ 41. Kh1 Raa8 42. a5 bxa5 43. Rxa5 Nd3 44. Rf1 Nf2+ 45. Kg1 e3 0-1

[Event "Pont Major Gerunda op 1st"]
[Site "Pont Major"]
[Date "2016.06.03"]
[Round "8"]
[White "Perez Lopez, Alfonso"]
[Black "Guzman Maglaya, Noli"]
[Result "1/2-1/2"]
[WhiteElo "1752"]
[BlackElo "1941"]
[PlyCount "44"]
[EventDate "2016.04.08"]
[EventType "swiss"]
[EventRounds "9"]
[EventCountry "ESP"]
[SourceTitle "EXT 2017"]
[Source "ChessBase"]
[SourceDate "2016.10.25"]
[SourceVersion "1"]
[SourceVersionDate "2016.10.25"]
[SourceQuality "1"]

1. c4 c5 2. Nc3 Nf6 3. g3 e6 4. Bg2 d5 5. cxd5 exd5 6. d4 cxd4 7. Qxd4 Nc6 8. Qa4 Be7 9. Nf3 0-0 10. 0-0 h6 11. Nd4 Nxd4 12. Qxd4 Be6 13. Rd1 b6 14. Nxd5 Nxd5 15. Bxd5 Bf6 16. Qd3 Bxd5 17. Qxd5 Qxd5 18. Rxd5 Rad8 19. e4 Rxd5 20. exd5 Rd8 21. Rb1 Rxd5 22. Be3 Ra5 1/2-1/2

[Event "Santa Eugenia op 10th"]
[Site "Santa Eugenia"]
[Date "2015.??.??"]
[Round "3"]
[White "Perez Lopez, Alfonso"]
[Black "Parals Marce, Luis"]
[Result "0-1"]
[WhiteElo "1985"]
[BlackElo "2167"]
[PlyCount "89"]
[EventDate "2015.04.17"]
[EventType "swiss"]
[EventRounds "9"]
[EventCountry "ESP"]
[SourceTitle "EXT 2016"]
[Source "ChessBase"]
[SourceDate "2015.10.08"]
[SourceVersion "1"]
[SourceVersionDate "2015.10.08"]
[SourceQuality "1"]

1. Nf3 c5 2. c4 d6 3. g3 e5 4. d3 g6 5. Bg2 Bg7 6. Nc3 Ne7 7. e4 0-0 8. 0-0 h6 9. Ne1 Nbc6 10. Be3 Be6 11. Qd2 Kh7 12. Nd5 Nd4 13. Rb1 a5 14. f4 Nxd5 15. cxd5 Bd7 16. fxe5 dxe5 17. Nf3 f6 18. Rbc1 b6 19. Kh1 Nb5 20. Qe2 Nd6 21. Nd2 Bb5 22. Nc4 Bxc4 23. dxc4 h5 24. a4 Qd7 25. b3 Bh6 26. h4 Qg4 27. Qxg4 hxg4 28. Bxh6 Kxh6 29. Rf2 Rf7 30. Re1 Re8 31. Kg1 Kg7 32. Kf1 f5 33. Ree2 Kh6 34. Kg1 Kh5 35. Kh2 f4 36. Bf1 Ref8 37. gxf4 exf4 38. Kg1 f3 39. Re3 Kxh4 40. Rh2+ Kg5 41. Bd3 Kf4 42. Re1 g3 43. Rd2 f2+ 44. Rxf2+ gxf2+ 45. Kxf2 0-1

[Event "Santa Eugenia op 10th"]
[Site "Santa Eugenia"]
[Date "2015.??.??"]
[Round "4"]
[White "Pou Serrano, David"]
[Black "Perez Lopez, Alfonso"]
[Result "0-1"]
[WhiteElo "1875"]
[BlackElo "1985"]
[PlyCount "28"]
[EventDate "2015.04.17"]
[EventType "swiss"]
[EventRounds "9"]
[EventCountry "ESP"]
[SourceTitle "EXT 2016"]
[Source "ChessBase"]
[SourceDate "2015.10.08"]
[SourceVersion "1"]
[SourceVersionDate "2015.10.08"]
[SourceQuality "1"]

1. e4 d6 2. f4 e5 3. Nf3 Nf6 4. Nc3 c5 5. fxe5 dxe5 6. Bc4 Be7 7. 0-0 0-0 8. d3 Nc6 9. Bg5 Bg4 10. Bxf6 Bxf3 11. Bxe7 Qd4+ 12. Kh1 Bxd1 13. Bxf8 Bh5 14. Rf5 Bg6 0-1

[Event "Llinars del Valles op-B 8th"]
[Site "Llinars del Valles"]
[Date "2014.06.21"]
[Round "8"]
[White "Toquero Gracia, Pau"]
[Black "Perez Lopez, Alfonso"]
[Result "0-1"]
[WhiteElo "1861"]
[BlackElo "1967"]
[PlyCount "120"]
[EventDate "2014.04.26"]
[EventType "swiss"]
[EventRounds "8"]
[EventCountry "ESP"]
[SourceTitle "EXT 2018"]
[Source "ChessBase"]
[SourceDate "2017.10.13"]
[SourceVersion "1"]
[SourceVersionDate "2017.10.13"]
[SourceQuality "1"]

1. e4 d5 2. exd5 Nf6 3. d4 Nxd5 4. c4 Nf6 5. Nf3 Bg4 6. Be2 e6 7. 0-0 Be7 8. Nc3 0-0 9. Be3 c6 10. Nd2 Bf5 11. f3 Qb6 12. Nb3 Nbd7 13. Bd3 Bxd3 14. Qxd3 Qc7 15. Rad1 Rad8 16. Ne4 a5 17. Nbd2 Nh5 18. Nf2 Nf4 19. Bxf4 Qxf4 20. Nh3 Qh6 21. Qe2 Nf6 22. Ne4 b6 23. b3 Rd7 24. Rd3 Rfd8 25. Rfd1 Nh5 26. Nef2 Nf4 27. Nxf4 Qxf4 28. g3 Qf5 29. Qe4 Qxe4 30. fxe4 f6 31. Kg2 Ra7 32. d5 exd5 33. exd5 cxd5 34. Rxd5 Rxd5 35. Rxd5 a4 36. Kf3 axb3 37. axb3 Ra2 38. h4 Rb2 39. Rb5 Kf7 40. Rxb6 Rxf2+ 41. Kxf2 Bc5+ 42. Kf3 Bxb6 43. b4 Ke6 44. g4 Ke5 45. c5 Ba7 46. c6 Bb6 47. b5 g6 48. Kg3 h5 49. Kf3 hxg4+ 50. Kxg4 Ke4 51. Kg3 f5 52. Kg2 f4 53. Kf1 Kf3 54. Ke1 Kg2 55. h5 gxh5 56. Ke2 f3+ 57. Kd2 f2 58. c7 Bxc7 59. b6 Bxb6 60. Kc2 f1Q 0-1

[Event "Llinars del Valles op-B 8th"]
[Site "Llinars del Valles"]
[Date "2014.05.17"]
[Round "4"]
[White "Francas Busquets, Joan"]
[Black "Perez Lopez, Alfonso"]
[Result "1-0"]
[WhiteElo "1879"]
[BlackElo "1967"]
[PlyCount "89"]
[EventDate "2014.04.26"]
[EventType "swiss"]
[EventRounds "8"]
[EventCountry "ESP"]
[SourceTitle "EXT 2015"]
[Source "ChessBase"]
[SourceDate "2014.11.20"]
[SourceVersion "1"]
[SourceVersionDate "2014.11.20"]
[SourceQuality "1"]

1. e4 c6 2. d4 d5 3. e5 Bf5 4. Bd3 Bxd3 5. Qxd3 e6 6. Ne2 Qb6 7. 0-0 Nd7 8. b3 c5 9. c3 Ne7 10. Na3 cxd4 11. cxd4 Nf5 12. Bb2 Be7 13. Kh1 0-0 14. Rac1 Rac8 15. Nb1 Rc6 16. Nf4 Bg5 17. Rxc6 bxc6 18. Ne2 Rc8 19. f4 Be7 20. Rc1 Qa5 21. a3 Rc7 22. b4 Qb6 23. Nd2 a5 24. Bc3 axb4 25. Rb1 c5 26. g4 cxd4 27. Bxb4 Nc5 28. Bxc5 Qxc5 29. gxf5 Qc2 30. Qxc2 Rxc2 31. Rd1 Bc5 32. fxe6 fxe6 33. Nb3 d3 34. Rxd3 Bb6 35. Ned4 Rf2 36. Rf3 Ra2 37. Nxe6 Kf7 38. Nbd4 Rd2 39. Ng5+ Kg6 40. Nde6 Rd1+ 41. Kg2 Rg1+ 42. Kh3 h6 43. f5+ Kh5 44. Nh7 g5 45. Nf6# 1-0

[Event "Llinars del Valles op-B 8th"]
[Site "Llinars del Valles"]
[Date "2014.05.10"]
[Round "3"]
[White "Perez Lopez, Alfonso"]
[Black "Capallera Guirado, Ferran"]
[Result "1-0"]
[WhiteElo "1967"]
[BlackElo "1867"]
[PlyCount "59"]
[EventDate "2014.04.26"]
[EventType "swiss"]
[EventRounds "8"]
[EventCountry "ESP"]
[SourceTitle "EXT 2015"]
[Source "ChessBase"]
[SourceDate "2014.11.20"]
[SourceVersion "1"]
[SourceVersionDate "2014.11.20"]
[SourceQuality "1"]

1. c4 Nf6 2. Nc3 e6 3. g3 d5 4. d4 Be7 5. Bg2 b6 6. Bf4 Bb7 7. Nf3 0-0 8. b3 Bb4 9. Bd2 Be7 10. 0-0 Na6 11. Ne5 c5 12. e3 Qc8 13. cxd5 exd5 14. Rc1 Qe6 15. Ne2 Rac8 16. Nf4 Qd6 17. Nc4 Qb8 18. Ne5 b5 19. Bh3 Rcd8 20. Ba5 g5 21. Bxd8 Rxd8 22. Nh5 c4 23. Nxf6+ Bxf6 24. f4 Bxe5 25. fxe5 Bc8 26. Qh5 Bxh3 27. Qxf7+ Kh8 28. Qf6+ Kg8 29. Qxg5+ Kh8 30. Rf7 1-0

[Event "Figueres 3rd op"]
[Site "Figueres"]
[Date "2013.12.20"]
[Round "4"]
[White "Perez Fonolleras, Oliver"]
[Black "Perez Lopez, Alfonso"]
[Result "1/2-1/2"]
[WhiteElo "1291"]
[BlackElo "1786"]
[PlyCount "86"]
[EventDate "2013.12.19"]
[EventType "swiss"]
[EventRounds "8"]
[EventCountry "ESP"]
[SourceTitle "EXT 2024"]
[Source "ChessBase"]
[SourceDate "2023.10.10"]
[SourceVersion "1"]
[SourceVersionDate "2023.10.10"]
[SourceQuality "1"]

1. e4 d5 2. exd5 Nf6 3. Nf3 Nxd5 4. Bc4 Bg4 5. h3 Bh5 6. 0-0 e6 7. Re1 c5 8. Bb5+ Nc6 9. Nc3 Be7 10. b3 0-0 11. Bb2 Bf6 12. Bxc6 bxc6 13. d4 cxd4 14. Ne4 Nc3 15. Nxf6+ Qxf6 16. Qxd4 Bxf3 17. Qxf6 gxf6 18. Bxc3 Bh5 19. Bxf6 h6 20. g4 Bg6 21. c4 a5 22. Rad1 h5 23. f3 c5 24. Re5 a4 25. Be7 axb3 26. Bxf8 bxa2 27. Ra1 Kxf8 28. Rxc5 hxg4 29. hxg4 Bb1 30. Rb5 Ra4 31. c5 Rc4 32. Kf2 Kg7 33. Rbxb1 axb1Q 34. Rxb1 Rxc5 35. Kg3 Kg6 36. Rb8 e5 37. Re8 Kf6 38. Ra8 Rc3 39. Ra6+ Kg5 40. Ra5 f6 41. Ra4 Rd3 42. Re4 Rd4 43. Re3 Rf4 1/2-1/2

[Event "Girona Territorial-ch"]
[Site "Girona"]
[Date "2013.12.01"]
[Round "9"]
[White "Perez Lopez, Alfonso"]
[Black "Ramirez Garcia, Lluis"]
[Result "1-0"]
[WhiteElo "1796"]
[BlackElo "1776"]
[PlyCount "109"]
[EventDate "2013.09.22"]
[EventType "swiss"]
[EventRounds "9"]
[EventCountry "ESP"]
[SourceTitle "EXT 2015"]
[Source "ChessBase"]
[SourceDate "2014.11.20"]
[SourceVersion "1"]
[SourceVersionDate "2014.11.20"]
[SourceQuality "1"]

1. Nf3 Nf6 2. g3 g6 3. Bg2 Bg7 4. c4 d6 5. d4 c5 6. Nc3 cxd4 7. Nxd4 a6 8. Qa4+ Qd7 9. Qb3 Qc7 10. Bd2 Nbd7 11. Na4 0-0 12. 0-0 Nc5 13. Nxc5 Qxc5 14. Be3 Qc7 15. Rac1 Rb8 16. Rfd1 Ng4 17. Nc2 Nxe3 18. Nxe3 Be6 19. Nd5 Bxd5 20. cxd5 Qd7 21. Rc2 Rfc8 22. Rdc1 Kf8 23. h4 Ke8 24. Kh2 Rxc2 25. Rxc2 Rc8 26. Bh3 f5 27. e4 Rc5 28. Rxc5 dxc5 29. exf5 Qb5 30. Qe3 Bd4 31. Qe6 Qxb2 32. Qg8+ Kd7 33. fxg6+ Kc7 34. Qc8+ Kb6 35. Qd8+ Ka7 36. Qxe7 Qxf2+ 37. Bg2 hxg6 38. d6 Qb2 39. d7 Bf6 40. Qxc5+ Qb6 41. Qd5 Be7 42. a4 Bd8 43. Kh3 Qb1 44. Qe4 Qxe4 45. Bxe4 g5 46. h5 Kb8 47. h6 Kc7 48. h7 Bf6 49. Bxb7 Kxd7 50. Bxa6 Ke8 51. Kg4 Kf8 52. Kf5 Bc3 53. Kxg5 Kg7 54. Bd3 Bd2+ 55. Kh5 1-0

[Event "Figueres op 11th"]
[Site "Figueres"]
[Date "2010.08.17"]
[Round "8"]
[White "Perez Lopez, Alfonso"]
[Black "Torrent Lagresa, Josep M"]
[Result "1-0"]
[WhiteElo "1905"]
[BlackElo "1641"]
[PlyCount "47"]
[EventDate "2010.08.11"]
[EventType "swiss"]
[EventRounds "9"]
[EventCountry "ESP"]
[SourceTitle "CBM 137 Extra"]
[Source "ChessBase"]
[SourceDate "2010.09.01"]
[SourceVersion "1"]
[SourceVersionDate "2010.09.01"]
[SourceQuality "1"]

1. c4 e5 2. Nc3 Nf6 3. Nf3 Nc6 4. g3 d6 5. Bg2 Bd7 6. 0-0 Be7 7. d4 exd4 8. Nxd4 0-0 9. e4 Rb8 10. b3 a6 11. Bb2 Re8 12. Nd5 Nxd5 13. cxd5 Nxd4 14. Bxd4 Bf6 15. Rc1 Rc8 16. b4 c6 17. f4 cxd5 18. Rxc8 Bxc8 19. Bxf6 Qxf6 20. Qxd5 Qe7 21. Rd1 Rd8 22. e5 Be6 23. exd6 Bxd5 24. dxe7 1-0

[Event "Figueres op 11th"]
[Site "Figueres"]
[Date "2010.08.16"]
[Round "7"]
[White "Diaz Munoz, Sergi"]
[Black "Perez Lopez, Alfonso"]
[Result "1-0"]
[WhiteElo "2005"]
[BlackElo "1905"]
[PlyCount "99"]
[EventDate "2010.08.11"]
[EventType "swiss"]
[EventRounds "9"]
[EventCountry "ESP"]
[SourceTitle "CBM 137 Extra"]
[Source "ChessBase"]
[SourceDate "2010.09.01"]
[SourceVersion "1"]
[SourceVersionDate "2010.09.01"]
[SourceQuality "1"]

1. e4 c6 2. d4 d5 3. exd5 cxd5 4. c4 Nf6 5. Nc3 Nc6 6. c5 g6 7. Bf4 a6 8. h3 Bg7 9. Nf3 0-0 10. a3 e6 11. Be2 Re8 12. 0-0 Nh5 13. Bh2 Bh6 14. Na4 Bf4 15. Nb6 Rb8 16. Re1 Qc7 17. g3 Nxg3 18. fxg3 Bxg3 19. Kg2 Bxh2 20. Nxh2 Qf4 21. Rf1 Qxd4 22. Qxd4 Nxd4 23. Bd1 Nf5 24. Re1 h5 25. Nxd5 Kg7 26. Nb6 Rd8 27. Nf3 Bd7 28. Nxd7 Rxd7 29. Ba4 Rd5 30. b4 Rd3 31. Kf2 Kf6 32. Red1 Rbd8 33. Bc2 R3d7 34. Rxd7 Rxd7 35. Rd1 Re7 36. Ba4 g5 37. Rd7 g4 38. hxg4 hxg4 39. Nd2 Ke5 40. Nc4+ Kf4 41. Rxe7 Nxe7 42. Nd6 f5 43. Nxb7 Nd5 44. c6 g3+ 45. Kg2 Kg4 46. Bd1+ Kh4 47. Nc5 Nc7 48. Nxa6 Nxa6 49. b5 Nc5 50. c7 1-0